|
|
|
|
| LEADER |
01274nam a22002537i 4500 |
| 005 |
20231108114552.0 |
| 008 |
170202s2006 gr a|||f |||| 00| d gre d |
| 020 |
|
|
|a 9789603222910
|
| 040 |
|
|
|a GR-PaULI
|b gre
|c GR-PaULI
|e AACR2
|
| 041 |
1 |
|
|a gre
|h eng
|
| 082 |
0 |
4 |
|a 822.912
|2 23
|
| 100 |
1 |
|
|9 125660
|a Bond, Edward
|e συγγραφέας
|
| 245 |
1 |
0 |
|a Τίποτα δικό μου /
|c Έντουαρντ Μποντ ; μετάφραση Εφη Γιαννοπούλου, Δημήτρης Φιλιππουπολίτης.
|
| 260 |
|
|
|a Αθήνα :
|b Αιγόκερως,
|c 2006.
|
| 300 |
|
|
|a 80 σ. :
|b εικ. ;
|c 21 εκ.
|
| 490 |
|
|
|a Θέατρο - Παραστάσεις / Αιγόκερως
|
| 650 |
|
4 |
|9 80138
|a Αγγλικό δράμα
|y 20ός αιώνας
|
| 700 |
1 |
4 |
|a Γιαννοπούλου, Έφη
|e μεταφράστρια
|9 33920
|
| 700 |
1 |
4 |
|a Φιλιππουπολίτης, Δημήτρης
|e μεταφραστής
|9 85587
|
| 830 |
|
|
|9 158095
|a Θέατρο - Παραστάσεις (Αιγόκερως)
|
| 942 |
|
|
|2 ddc
|c BK15
|
| 952 |
|
|
|0 0
|1 0
|2 ddc
|4 0
|6 822_912000000000000_BON
|7 0
|9 209506
|a THST
|b THST
|d 2017-02-02
|i 010833
|l 1
|m 1
|o 822.912 BON
|p 025000199003
|r 2022-05-25 00:00:00
|s 2022-04-06
|t 1
|v 2017.00
|w 2017-02-02
|y BK15
|
| 998 |
|
|
|c ΜΑΝΙΑ
|d 2017-02
|
| 999 |
|
|
|c 127508
|d 127508
|